00314nam a2200097Ia 4500008004100000020001500041100002800056245006800084260004500152300001900197180205s9999 xx 000 0 und d a9719711398 aHermosa, Eleanor Eme E. aCreative writing :byoung filipinos writers for young filipinos aQuezon CitybSIBS publishing housec2000 aiii, 105 pages